| 000 | 00893cam a22002414a 4500 | ||
|---|---|---|---|
| 005 | 20250605163957.0 | ||
| 008 | 250528s ||||||||||||||||||||||||d | ||
| 035 | _a15520 | ||
| 020 | _a273032356 | ||
| 040 |
_aGR-AtMCL _bgre _dGR-AtMCL _eAACR2 |
||
| 245 | 1 | _aProduction and Operations Management / Sixth Edition | |
| 250 | _a6th | ||
| 260 |
_bPitman Publishing, _c1992 |
||
| 300 | _a566 | ||
| 505 | 0 | _aStrategy and Interfaces, The Product or Service, The Plant or Facilities, The Processes, The Programmes or Resource Plans, The People, Appendices, Index. | |
| 520 | _aStrategy and Interfaces, The Product or Service, The Plant or Facilities, The Processes, The Programmes or Resource Plans, The People, Appendices, Index. | ||
| 700 | 1 |
_aLockyer Keith _91462 |
|
| 700 | 1 |
_aMuhlemann Alan _91463 |
|
| 700 | 1 |
_aOakland John _91464 |
|
| 942 | _cBK | ||
| 999 |
_c1096 _d1096 |
||